| 000 | 00793cam3a220024100 4500 | ||
|---|---|---|---|
| 001 | lce01754728 | ||
| 008 | 841220s1985 vaua 001 0 eng | ||
| 010 | _a 84027713 | ||
| 020 |
_c _28.95 |
||
| 035 | _a(Sirsi) r59736 | ||
| 035 | _a(DLC) 84027713 | ||
| 035 | _a(UPRA)lce01754728 | ||
| 040 | _dUPRA | ||
| 050 | 0 |
_aTH900 _b.R69 1985 |
|
| 082 | 0 |
_a624.1/028 _219 |
|
| 100 | 1 |
_aRussell, James E. (James Emmerson), 1940- _qRussell, James E. (James Emmerson), 1940- _dRussell, James E. (James Emmerson), 1940- _6A19109.1 |
|
| 245 | 1 | 0 |
_aConstruction equipment / _cJames E. Russell. |
| 260 |
_aReston, VA : _bReston Pub. Co., _cc1985. |
||
| 500 | _aIncludes index. | ||
| 650 | 0 |
_aConstruction equipment. _6S13738.1 |
|
| 949 |
_aTH900 _wlcc _i-78397 _mMAIN _tBOOK _lON-SHELF |
||
| 004 | 59736 | ||
| 999 |
_c159022 _d159022 |
||